| 000 | 00522nam a2200181 a 4500 | ||
|---|---|---|---|
| 005 | 20241011063749.0 | ||
| 008 | 030304s2000 mx r 000 0 spa d | ||
| 020 | _a9687854030 | ||
| 035 | _aUPN01000122387 | ||
| 049 | _aC | ||
| 050 | 4 |
_aCT553 _bF6.2 |
|
| 245 | 0 |
_aForjadores de México : biografías / _c[Presentación] J. Fco. Saldierna |
|
| 260 |
_a[México] : _bEuroMéxico, _c[199?]. |
||
| 300 |
_a224 p. : _bil., col. |
||
| 651 | 4 |
_aMéxico _vBiografía _915359 |
|
| 651 | 4 |
_aMéxico _xHistoria _94558 |
|
| 905 | _aLibro | ||
| 999 |
_c94579 _d94579 |
||